Les décembristes / (Record no. 166395)

MARC details
000 -LEADER
campo de control de longitud fija 00834nam a22002175i 4500
001 - NÚMERO DE CONTROL
campo de control 166395
003 - IDENTIFICADOR DE NÚMERO DE CONTROL
campo de control ES-MaACL
005 - FECHA Y HORA DE LA ÚLTIMA TRANSACCIÓN
campo de control 20250817210337.0
008 - DATOS DE LONGITUD FIJA--INFORMACIÓN GENERAL
campo de control de longitud fija 050914s1889 fr | |||||||| ||fre d
040 ## - FUENTE DE CATALOGACIÓN
Centro catalogador/agencia de origen CAM
Lengua de catalogación spa
Centro/agencia transcriptor CAM
100 1# - ENTRADA PRINCIPAL--NOMBRE DE PERSONA
Nombre de persona Tolstói, Lev,
Fechas asociadas al nombre 1828-1910
9 (RLIN) 110489
245 14 - MENCIÓN DEL TÍTULO
Título Les décembristes /
Mención de responsabilidad, etc. Comte Léon Tolstoï; [traduit par B. Tseytline & E. Jaubert; avec une introduction historique].
260 ## - PUBLICACIÓN, DISTRIBUCIÓN, ETC.
Lugar de publicación, distribución, etc. Paris :
Nombre del editor, distribuidor, etc. Albert Savine éditeur,
Fecha de publicación, distribución, etc. 1889 (
Lugar de fabricación/manufactura Evreux :
Fabricante Imprimerie de Charles Hérissey)
300 ## - DESCRIPCIÓN FÍSICA
Extensión LI, 248 p. ;
Dimensiones 19 cm.
594 ## - Nota al título y mención de responsabilidad
Nota al título y mención de responsabilidad Traductores tomados de la cub. original.
700 1# - ENTRADA AGREGADA--NOMBRE PERSONAL
Nombre de persona Tseytline, Boris (
Fechas asociadas al nombre 18..-1889)
9 (RLIN) 111604
700 1# - ENTRADA AGREGADA--NOMBRE PERSONAL
Nombre de persona Jaubert, Ernest,
Fechas asociadas al nombre 1856-1942
9 (RLIN) 128280
852 ## - LOCALIZACIÓN
Ubicación ES-MaACL
Número de control de estantería F-9551
Nota libre -- Enc. hol. conservando la cub. original
Holdings
Estatus retirado Estado de pérdida Estado de daño No para préstamo Colección Biblioteca de origen Biblioteca actual Ubicación en estantería Fecha de adquisición Fuente de adquisición Total de préstamos Signatura topográfica completa Código de barras Visto por última vez Precio de reemplazo Tipo de ítem Koha
        Libros del s. XIX Biblioteca del Ateneo de Madrid Biblioteca del Ateneo de Madrid Sala Pecera Planta 2 17/01/2008     F-9551 1174516 23/02/2023 23/02/2023 Libro impreso antiguo